[Event "Belgrade Gligoric 100 Ann op"]
[Site "Belgrade"]
[Date "2023.02.05"]
[Round "10"]
[White "Celenkovic, Bojan"]
[Black "Stamatovic, Aleksandar"]
[Result "1-0"]
[WhiteElo "2134"]
[BlackElo "1949"]
[PlyCount "119"]
[EventDate "2023.02.05"]
[EventType "swiss (blitz)"]
[EventRounds "11"]
[EventCountry "SRB"]
[SourceTitle "EXT 2024"]
[Source "ChessBase"]
[SourceDate "2023.10.10"]
[SourceVersion "1"]
[SourceVersionDate "2023.10.10"]
[SourceQuality "1"]

1. e4 d5 2. exd5 Nf6 3. d4 Nxd5 4. Nf3 g6 5. Be2 Bg7 6. 0-0 0-0 7. c4 Nb6 8. c5 Nd5 9. Nc3 Nxc3 10. bxc3 b6 11. cxb6 axb6 12. Bf4 c5 13. Ne5 Bb7 14. Bf3 Ra7 15. Re1 e6 16. Rb1 cxd4 17. cxd4 Bxf3 18. Qxf3 Rxa2 19. Qb3 Ra6 20. Qc4 Qc8 21. Qe2 Rd8 22. Rec1 Qb7 23. Nxf7 Qxf7 24. Bxb8 Rxb8 25. Qxa6 Bxd4 26. Rc8+ Rxc8 27. Qxc8+ Kg7 28. Qc2 h5 29. Rd1 e5 30. Rd2 b5 31. Qc6 Qc4 32. Qd7+ Kh6 33. Rd1 Qc2 34. Rf1 Qe2 35. Qe7 e4 36. Qf8+ Bg7 37. Qf4+ Kh7 38. Qe3 Qc4 39. Re1 Bc3 40. Rc1 b4 41. Qa7+ Kg8 42. Qe3 Kg7 43. h3 h4 44. Qa7+ Qf7 45. Qe3 Qd5 46. Qa7+ Kh6 47. Qe3+ g5 48. Qb6+ Kh5 49. Qe3 Bd2 50. Qe2+ Kh6 51. Rd1 e3 52. fxe3 Bxe3+ 53. Kh1 Qc5 54. Qa6+ Kh5 55. Qe2+ Kh6 56. Re1 Bf4 57. Qe6+ Kg7 58. Qd7+ Kg6 59. Re6+ Kf5 60. Qf7# 1-0

[Event "Belgrade Gligoric 100 Ann op"]
[Site "Belgrade"]
[Date "2023.02.05"]
[Round "9"]
[White "Skare, Goran"]
[Black "Celenkovic, Bojan"]
[Result "1-0"]
[WhiteElo "2166"]
[BlackElo "2134"]
[PlyCount "71"]
[EventDate "2023.02.05"]
[EventType "swiss (blitz)"]
[EventRounds "11"]
[EventCountry "SRB"]
[SourceTitle "EXT 2024"]
[Source "ChessBase"]
[SourceDate "2023.10.10"]
[SourceVersion "1"]
[SourceVersionDate "2023.10.10"]
[SourceQuality "1"]

1. d4 d5 2. c4 e6 3. Nc3 Nf6 4. Bg5 Be7 5. cxd5 exd5 6. e3 0-0 7. Bd3 c6 8. Qc2 Nbd7 9. Nge2 Re8 10. 0-0 Nf8 11. f3 g6 12. h3 Ne6 13. Bh4 Ng7 14. Bf2 Be6 15. e4 dxe4 16. fxe4 Ngh5 17. Rae1 Qd7 18. e5 Nd5 19. Nxd5 cxd5 20. Nc3 a6 21. Be3 Rac8 22. a3 Bh4 23. Rc1 Ng3 24. Rf3 Nf5 25. Bf2 Bg5 26. Rf1 b5 27. Kh1 h5 28. Bg1 Bh4 29. Bxf5 Bxf5 30. Rxf5 gxf5 31. Rxf5 Re6 32. Rxh5 Qd8 33. Qh7+ Kf8 34. Rxh4 Rg6 35. Rf4 Rc7 36. Qxg6 1-0

[Event "SRB-chT3 East"]
[Site "Serbia"]
[Date "2017.10.15"]
[Round "11.2"]
[White "Zivkovic, Momcilo"]
[Black "Celenkovic, Bojan"]
[Result "1-0"]
[WhiteElo "2047"]
[BlackElo "2052"]
[PlyCount "86"]
[EventDate "2017.09.03"]
[EventType "team-tourn"]
[EventRounds "11"]
[EventCountry "SRB"]
[SourceTitle "EXT 2022"]
[Source "ChessBase"]
[SourceDate "2021.10.06"]
[SourceVersion "1"]
[SourceVersionDate "2021.10.06"]
[SourceQuality "1"]

1. e4 e5 2. Nf3 Nc6 3. Bb5 a6 4. Ba4 Nf6 5. 0-0 Be7 6. d4 exd4 7. Re1 d6 8. Nxd4 Bd7 9. Nxc6 Bxc6 10. Bxc6+ bxc6 11. Bf4 0-0 12. Nc3 Rb8 13. Rb1 Nd7 14. Qe2 Qc8 15. b3 Bf6 16. Nd1 Re8 17. Qd2 Nc5 18. f3 Ne6 19. Be3 Rb5 20. Nf2 Rh5 21. Ng4 Bh4 22. Bf2 Bg5 23. Qc3 c5 24. g3 Be7 25. Rbd1 Rh3 26. Be3 Ng5 27. Bf4 Ne6 28. Be3 Ng5 29. Bc1 h5 30. Nf2 Bf6 31. Qd3 Bd4 32. Bxg5 Bxf2+ 33. Kxf2 Rxh2+ 34. Ke3 f6 35. Qd5+ Kf8 36. Bf4 g5 37. Rh1 gxf4+ 38. gxf4 Qh3 39. Rdg1 Rxe4+ 40. Kxe4 Rxh1 41. Rg8+ Ke7 42. Rg7+ Kd8 43. Qa8+ Qc8 1-0

[Event "SRB-chT3 East"]
[Site "Serbia"]
[Date "2017.10.14"]
[Round "9.2"]
[White "Milunovic, Toni"]
[Black "Celenkovic, Bojan"]
[Result "1-0"]
[WhiteElo "2269"]
[BlackElo "2052"]
[PlyCount "62"]
[EventDate "2017.09.03"]
[EventType "team-tourn"]
[EventRounds "11"]
[EventCountry "SRB"]
[SourceTitle "EXT 2022"]
[Source "ChessBase"]
[SourceDate "2021.10.06"]
[SourceVersion "1"]
[SourceVersionDate "2021.10.06"]
[SourceQuality "1"]

1. Nf3 d5 2. g3 Nf6 3. Bg2 e6 4. 0-0 Be7 5. d3 c5 6. c4 Nc6 7. Nc3 d4 8. Na4 0-0 9. a3 e5 10. Bd2 Nd7 11. e3 f5 12. exd4 cxd4 13. Re1 a5 14. Qc2 h6 15. c5 g5 16. h3 g4 17. hxg4 fxg4 18. Nh2 h5 19. b4 axb4 20. axb4 Bg5 21. b5 Na5 22. c6 Bxd2 23. Qxd2 Nf6 24. Qg5+ Kh8 25. Rxe5 Rf7 26. Rc1 Qg8 27. Qh6+ Nh7 28. Re8 Rf8 29. Rxf8 Qxf8 30. Qxf8+ Nxf8 31. Nb6 Rb8 1-0

[Event "SRB-chT3 East"]
[Site "Serbia"]
[Date "2017.10.12"]
[Round "6.2"]
[White "Celenkovic, Bojan"]
[Black "Pavlovic, Dean"]
[Result "1-0"]
[WhiteElo "2052"]
[BlackElo "2257"]
[PlyCount "23"]
[EventDate "2017.09.03"]
[EventType "team-tourn"]
[EventRounds "11"]
[EventCountry "SRB"]
[SourceTitle "EXT 2022"]
[Source "ChessBase"]
[SourceDate "2021.10.06"]
[SourceVersion "1"]
[SourceVersionDate "2021.10.06"]
[SourceQuality "1"]

1. e4 e5 2. Nf3 Nc6 3. Bb5 a6 4. Ba4 Nf6 5. Qe2 b5 6. Bb3 Be7 7. 0-0 d6 8. c3 0-0 9. d3 Nb8 10. Re1 Nbd7 11. Nbd2 Re8 12. Bxf7+ 1-0

[Event "SRB-chT3 East"]
[Site "Serbia"]
[Date "2015.10.18"]
[Round "11.32"]
[White "Panic, Milan"]
[Black "Celenkovic, Bojan"]
[Result "1-0"]
[WhiteElo "2281"]
[BlackElo "2072"]
[PlyCount "31"]
[EventDate "2015.09.06"]
[EventType "team-tourn"]
[EventRounds "11"]
[EventCountry "SRB"]
[SourceTitle "EXT 2022"]
[Source "ChessBase"]
[SourceDate "2021.10.06"]
[SourceVersion "1"]
[SourceVersionDate "2021.10.06"]
[SourceQuality "1"]

1. d4 d5 2. c4 e6 3. Nf3 Nf6 4. g3 Be7 5. Bg2 0-0 6. 0-0 b6 7. cxd5 exd5 8. Nc3 Bb7 9. Ne5 Nbd7 10. Qa4 c5 11. Nc6 Bxc6 12. Qxc6 cxd4 13. Nxd5 Rc8 14. Qxc8 Qxc8 15. Nxe7+ Kh8 16. Nxc8 1-0